<?xml version="1.0" encoding="UTF-8"?>
<collection xmlns="http://www.loc.gov/MARC21/slim">
 <record>
  <leader>01222cam a2200361 i 4500</leader>
  <controlfield tag="001">000049165</controlfield>
  <controlfield tag="003">8898</controlfield>
  <controlfield tag="005">20030312083412.0</controlfield>
  <controlfield tag="008">010316|1994    vm            000   eng</controlfield>
  <datafield tag="020" ind1=" " ind2=" ">
   <subfield code="a">0170090515</subfield>
  </datafield>
  <datafield tag="040" ind1=" " ind2=" ">
   <subfield code="a">IRC</subfield>
   <subfield code="c">IRC</subfield>
   <subfield code="d">IRC</subfield>
  </datafield>
  <datafield tag="041" ind1="0" ind2=" ">
   <subfield code="a">eng</subfield>
  </datafield>
  <datafield tag="082" ind1="1" ind2="4">
   <subfield code="a">339.071194</subfield>
   <subfield code="b">SW-M</subfield>
  </datafield>
  <datafield tag="100" ind1="1" ind2=" ">
   <subfield code="a">Swann, Michael J.</subfield>
  </datafield>
  <datafield tag="245" ind1="0" ind2="0">
   <subfield code="a">Macroeconomics :</subfield>
   <subfield code="b">a contemporary introduction : study guide /</subfield>
   <subfield code="c">Michael J. Swann, John Lunn.</subfield>
  </datafield>
  <datafield tag="260" ind1=" " ind2=" ">
   <subfield code="a">South Melbourne :</subfield>
   <subfield code="b">Nelson,</subfield>
   <subfield code="c">1994.</subfield>
  </datafield>
  <datafield tag="300" ind1=" " ind2=" ">
   <subfield code="a">xi, 312 p. :</subfield>
   <subfield code="b">ill. ;</subfield>
   <subfield code="c">24cm.</subfield>
  </datafield>
  <datafield tag="520" ind1="3" ind2=" ">
   <subfield code="a">The art and science of economic analysis. Some tools of economic analysis. The market system. The economic actors. Introduction to macroeconomics. Measuring economic aggregates and thecircular flow of income...</subfield>
  </datafield>
  <datafield tag="630" ind1="0" ind2="4">
   <subfield code="a">Australia.</subfield>
  </datafield>
  <datafield tag="630" ind1="0" ind2="4">
   <subfield code="a">Macroeconomics.</subfield>
  </datafield>
  <datafield tag="650" ind1="0" ind2="4">
   <subfield code="a">Macroeconomics</subfield>
   <subfield code="x">Study and teaching (Higher)</subfield>
   <subfield code="z">Australia.</subfield>
  </datafield>
  <datafield tag="650" ind1="0" ind2="4">
   <subfield code="a">Australia</subfield>
   <subfield code="b">Economic conditions</subfield>
   <subfield code="x">Study and teaching (Higher)</subfield>
  </datafield>
  <datafield tag="700" ind1="1" ind2=" ">
   <subfield code="a">Lunn, John.</subfield>
  </datafield>
  <datafield tag="OWN" ind1=" " ind2=" ">
   <subfield code="a">DUT</subfield>
  </datafield>
  <datafield tag="999" ind1=" " ind2=" ">
   <subfield code="a">From the UDN01</subfield>
  </datafield>
  <datafield tag="TYP" ind1=" " ind2=" ">
   <subfield code="a">Monograph</subfield>
  </datafield>
  <datafield tag="TYP" ind1=" " ind2=" ">
   <subfield code="a">Printed language</subfield>
  </datafield>
  <datafield tag="980" ind1=" " ind2=" ">
   <subfield code="a">Mạng thư viện Đại học Đà Nẵng</subfield>
  </datafield>
 </record>
</collection>
